000 00482nam a2200193Ia 4500
005 20240823031230.0
008 240823s9999||||xx |||||||||||||| ||und||
041 _aENGLISH
082 _A005.133 N2
100 _aRajaraman V
245 0 _aComputer Programming in Cobol
250 _a1st
260 _c1992
_b"PHI,New Delhi"
500 _aTRANSFERED
650 _aProgramming Language
_bSoftware Engineering
700 _a Sahasrabuddhe H V
942 _cBK
999 _c190583
_d190583